000 00606nas a2200217 4500
001 BR8603534
003 BR-BrBNA
005 20231205090543.0
007 ta
008 230509b bl.|||p| |||| 00| 00por d
040 _aBR-BrBNA
_bpor
_cBiblioteca Nacional de Agricultura
041 _a(Pt)
072 _aF01
100 1 _aNilsson, T.T.
245 1 _aPau d'oleo ou copaiba
650 _aCOPAIBA
650 _aPLANTA MELIFERA
773 0 _tApicultura no Brasil (Brazil)
_xISSN 0102-3659
_g(Jul-Aug 1986), v. 3(15) p. 26
_wBR8603534
909 _a202311
_bLúcia
_c55
_dLúcia Elande
942 _2AGRIS
_n0
_cANA
999 _c119265
_d119265